[Event "WJun Girls"]
[Site "Instanbul TUR"]
[Date "2005.11.11"]
[Round "3"]
[White "Zawadzka,J"]
[Black "Muhren,B"]
[Result "1-0"]
[WhiteElo "2381"]
[BlackElo "2260"]

1.e4 c5 2.Nf3 d6 3.d4 cxd4 4.Nxd4 Nf6 5.Nc3 a6 6.f3 e6 7.Be3 b5 8.g4 h6 9.Qd2 b4
10.Nce2 Nbd7 11.Ng3 Ne5 12.h4 d5 13.g5 hxg5 14.hxg5 Rxh1 15.Nxh1 Nxf3+ 16.Nxf3 Nxe4
17.Qg2 Bb7 18.g6 f6 19.Qh3 Qd7 20.O-O-O O-O-O 21.Nf2 Nxf2 22.Bxf2 Kb8 23.Nd4 Re8
24.Nb3 Qa4 25.Qe3 Bd6 26.Qb6 Bc7 27.Qxb7+  1-0

[Event "British Rapidplay"]
[Site "Halifax ENG"]
[Date "2005.11.12"]
[Round "6"]
[White "Sherwin,J"]
[Black "Palliser,R"]
[Result "0-1"]
[WhiteElo "2274"]
[BlackElo "2389"]

1.Nf3 c5 2.e4 d6 3.d4 cxd4 4.Nxd4 Nf6 5.Nc3 a6 6.f3 e5 7.Nb3 Be6 8.Be3 Nbd7
9.g4 b5 10.Qd2 b4 11.Nd5 Bxd5 12.exd5 Nb6 13.Bxb6 Qxb6 14.O-O-O Be7 15.Kb1 a5
16.Nc1 O-O 17.h4 a4 18.h5 b3 19.cxb3 axb3 20.a3 Ra4 21.g5 Rd4 22.Bd3 Nxd5
23.Ne2 Rxd3 24.Qxd3 Ne3 25.Rc1 Bxg5 26.Rhg1 Bh6 27.Rc3 e4 28.Rxb3 d5 29.Rg3 Qf6
30.fxe4 dxe4 31.Qxe4 Qf1+ 32.Nc1 Nc4 33.Ka2 Nd2 34.Qc2 Nxb3 35.Nxb3 g6 36.hxg6 hxg6
37.Nd4 Bg7 38.Nc6 Qe1 39.Qc4 Qxg3 40.Qc2 Qe1  0-1

[Event "Bundesliga 2005-6"]
[Site "Koeln GER"]
[Date "2005.11.12"]
[Round "3"]
[White "Baramidze,D"]
[Black "Sprenger,J"]
[Result "1-0"]
[WhiteElo "2542"]
[BlackElo "2505"]

1.e4 c5 2.Nf3 d6 3.d4 cxd4 4.Nxd4 Nf6 5.Nc3 a6 6.f3 e5 7.Nb3 Be6 8.Be3 Nbd7
9.g4 Nb6 10.g5 Nh5 11.Qd2 Rc8 12.O-O-O Be7 13.Rg1 O-O 14.Kb1 g6 15.Qf2 Nc4
16.Bxc4 Bxc4 17.Na4 Be6 18.Nb6 Rc7 19.Nd5 Bxd5 20.Rxd5 Qe8 21.f4 exf4 22.Bxf4 Nxf4
23.Qxf4 f6 24.gxf6 Bxf6 25.Qxd6 Qxe4 26.Nc5 Qb4 27.c3 Bxc3 28.Qe6+ Kh8 29.Nd3 Qc4
30.Rc1 Qc6 31.Qxc6 Rxc6 32.Rxc3 Rxc3 33.bxc3 Rf1+ 34.Nc1 Rf2 35.Rd8+ Kg7
36.Rd7+ Kh6 37.Rxb7 Rxh2 38.c4 Rh4 39.c5 Rc4 40.Nd3 g5 41.Rb4 Rc3 42.Rd4  1-0

[Event "TCh-FIN 2005-6"]
[Site "Turku FIN"]
[Date "2005.11.12"]
[Round "5"]
[White "Nokso Koivisto,An"]
[Black "Fieandt,J"]
[Result "1/2-1/2"]
[WhiteElo "2215"]
[BlackElo "2161"]

1.e4 c5 2.Nf3 d6 3.d4 cxd4 4.Nxd4 Nf6 5.Nc3 a6 6.f3 e6 7.Be3 Be7 8.Qd2 Nc6
9.O-O-O O-O 10.g4 Nd7 11.Kb1 Nde5 12.Qg2 Nxd4 13.Bxd4 Nc6 14.Be3 b5 15.h4 Qa5
16.g5 b4 17.Ne2 d5 18.Nf4 dxe4 19.fxe4 Bb7 20.Bc4 Qe5 21.Nd3 Qc7 22.g6 hxg6
23.h5 Ne5 24.Nxe5 Qxe5 25.hxg6 fxg6 26.Bd4 Qxe4 27.Qxe4 Bxe4 28.Bxe6+ Rf7
29.Rhf1 Bf5 30.Bxf7+ Kxf7 31.Be5 Rc8 32.Rd2 Rc6 33.b3 Bg5 34.Rg2 Bf6  1/2-1/2

[Event "FSGM November"]
[Site "Budapest HUN"]
[Date "2005.11.13"]
[Round "9"]
[White "Szabo,Kr1"]
[Black "Berczes,D"]
[Result "0-1"]
[WhiteElo "2390"]
[BlackElo "2475"]

1.e4 c5 2.Nf3 d6 3.d4 cxd4 4.Nxd4 Nf6 5.Nc3 a6 6.f3 e6 7.Be3 b5 8.Qd2 Nbd7
9.g4 Nb6 10.O-O-O Bb7 11.Qf2 Nfd7 12.Bd3 Rc8 13.Nce2 Qc7 14.Kb1 Na4 15.Bc1 Be7
16.f4 Ndc5 17.Ng3 d5 18.e5 Ne4 19.Bxe4 dxe4 20.Nh5 O-O 21.g5 Rfd8 22.Nf6+ Kh8
23.Rhg1 e3 24.Qxe3 gxf6 25.gxf6 Rxd4 26.Rxd4 Qxc2+ 27.Ka1 Bc5 28.Qg3 Qg6
29.Qe1 Bxd4 30.Rxg6 Rxc1+ 31.Qxc1 hxg6 32.Qc2 Bxb2+ 33.Kb1 Be4 34.Qxe4 Nc3+
35.Kxb2 Nxe4 36.Kb3 a5  0-1

[Event "Bundesliga 2005-6"]
[Site "Leipzig GER"]
[Date "2005.11.13"]
[Round "4"]
[White "Kritz,L"]
[Black "Maksimenko,A"]
[Result "1/2-1/2"]
[WhiteElo "2545"]
[BlackElo "2501"]

1.e4 c5 2.Nf3 d6 3.d4 cxd4 4.Nxd4 Nf6 5.Nc3 a6 6.f3 e6 7.Be3 b5 8.Qd2 Nbd7
9.g4 Nb6 10.a4 Nc4 11.Bxc4 bxc4 12.a5 Qc7 13.Na4 Nd7 14.Ne2 Be7 15.O-O-O O-O
16.g5 Bb7 17.Nb6 Nxb6 18.Bxb6 Qd7 19.h4 f5 20.Qd4 fxe4 21.fxe4 Qc6 22.Nc3 Rf4
23.Qe3 Raf8 24.Qh3 Qc8 25.Rhf1 Rxf1 26.Rxf1 Rxf1+ 27.Qxf1 g6 28.Kb1 Bf8 29.Bd4 e5
30.Bb6 Qe6 31.Bd8 d5 32.exd5 Bxd5 33.Nxd5 Qxd5 34.Bf6 Bb4 35.Qh3 Kf7 36.Qc8 Bxa5
37.Qh8 Qd1+ 38.Ka2 Qxc2 39.Qxh7+ Ke6 40.Qe7+ Kf5 41.Qxe5+ Kg4 42.Qxa5  1/2-1/2

[Event "WJun"]
[Site "Instanbul TUR"]
[Date "2005.11.14"]
[Round "6"]
[White "Livshits,G"]
[Black "Laznicka,V"]
[Result "0-1"]
[WhiteElo "2381"]
[BlackElo "2517"]

1.e4 c5 2.Nf3 d6 3.d4 cxd4 4.Nxd4 Nf6 5.Nc3 a6 6.f3 e5 7.Nb3 Be6 8.Be3 Be7
9.Qd2 O-O 10.O-O-O Nbd7 11.g4 Nb6 12.Kb1 Qc7 13.g5 Nfd7 14.h4 Rac8 15.h5 Nc4
16.Bxc4 Qxc4 17.g6 Rfd8 18.Na5 Qc7 19.Nd5 Bxd5 20.Qxd5 Rf8 21.gxf7+ Rxf7
22.Rh2 b6 23.Nb3 Qc4 24.Qxc4 Rxc4 25.Rg2 Rc8 26.Rg3 b5 27.Nc1 Rcf8 28.Rdg1 Nf6
29.Rh3 d5 30.Nd3 Bd6 31.Rh4 d4 32.Bd2 Ne8 33.f4 exf4 34.e5 Be7 35.Rxf4 Rxf4
36.Bxf4 Nc7 37.a4 Ne6 38.Bd2 bxa4 39.h6 g5 40.Bb4 Bxb4 41.Nxb4 Kf7 42.Nd5 Kg6
43.Rh1 Rf2 44.Ne7+ Kf7 45.Nd5 Rf5 46.Re1 g4 47.Nf6 g3 48.Rg1 Rxe5  0-1

[Event "WJun"]
[Site "Instanbul TUR"]
[Date "2005.11.16"]
[Round "7"]
[White "Sengupta,D"]
[Black "Gopal,G"]
[Result "1/2-1/2"]
[WhiteElo "2400"]
[BlackElo "2327"]

1.e4 c5 2.Nf3 d6 3.d4 Nf6 4.Nc3 cxd4 5.Nxd4 a6 6.f3 e5 7.Nb3 Be6 8.Be3 Nbd7
9.Nd5 Nxd5 10.exd5 Bf5 11.Bd3 Bxd3 12.Qxd3 Be7 13.O-O O-O 14.c4 f5 15.Rac1 Rc8
16.Nd2 a5 17.b3 Bg5 18.a3 b6 19.b4 Ra8 20.Nb3 axb4 21.axb4 Ra3 22.Rb1 Re8
23.Qc3 Bxe3+ 24.Qxe3 Qh4 25.Rfe1 Rc8 26.Qe2 Ra4 27.Qc2 g6 28.g3 Qf6 29.Ra1 Rxa1
30.Rxa1 Rc7 31.Ra8+ Kg7 32.Kg2 b5 33.c5 Qf7 34.Qd3 dxc5 35.d6 Rc6 36.bxc5 Qc4
37.Qxc4 bxc4 38.Na5 Rxc5 39.Ra7 Kf6  1/2-1/2

[Event "TCh-AUT 2005-6"]
[Site "Austria AUT"]
[Date "2005.11.20"]
[Round "3"]
[White "Gyimesi,Z"]
[Black "Ruck,R"]
[Result "1/2-1/2"]
[WhiteElo "2624"]
[BlackElo "2535"]

1.e4 c5 2.Nf3 d6 3.d4 cxd4 4.Nxd4 Nf6 5.Nc3 a6 6.Be3 Ng4 7.Bc1 Nf6 8.f3 Qb6
9.Nb3 e6 10.Qe2 Qc7 11.Be3 b5 12.g4 b4 13.Na4 Nbd7 14.Qf2 Qc6 15.Nb6 Nxb6
16.Bxb6  1/2-1/2

[Event "TCh-HUN 2005-6"]
[Site "Hungary HUN"]
[Date "2005.11.27"]
[Round "4"]
[White "Acs,P"]
[Black "Farkas,Ti"]
[Result "1-0"]
[WhiteElo "2518"]
[BlackElo "2335"]

1.e4 c5 2.Nf3 d6 3.d4 cxd4 4.Nxd4 Nf6 5.Nc3 a6 6.Be3 Ng4 7.Bc1 Nf6 8.f3 e6
9.Be3 Be7 10.Qd2 O-O 11.O-O-O b5 12.g4 Bb7 13.h4 Nc6 14.Nxc6 Bxc6 15.Ne2 Qc7
16.Nd4 Rfc8 17.h5 Nd7 18.g5 Ne5 19.g6 Bd7 20.gxf7+ Kxf7 21.Rg1 Nc4 22.Bxc4 Qxc4
23.Bg5 Bf8 24.Kb1 b4 25.Qf4+ Ke8 26.e5 dxe5 27.Qxe5 Rc5 28.Qe4 Rac8 29.Qxh7 e5
30.Rge1 Qf7 31.Rd2 Rd5 32.Rde2 Rcc5 33.Nb3 Rb5 34.Qg6 Qxg6 35.hxg6 Bf5 36.Bf4 Bd6
37.Rg2 Be7 38.Be3 a5 39.Nd2 Rd6 40.Nc4 Rxg6 41.Rxg6 Bxg6 42.Bd4 exd4 43.Nd6+ Kf8
44.Nxb5 d3 45.Nd4 Bf6 46.Ne6+ Kf7 47.cxd3 Bxd3+ 48.Ka1 a4 49.Nc5 Bb5 50.Ne4 Be5
51.Kb1 Bd3+ 52.Kc1 Bf4+ 53.Kd1 Bc4 54.a3 Bb3+ 55.Ke2 Bc4+ 56.Kf2 Be5 57.axb4 Kg6
58.Nc3 Bd4+ 59.Kg3 a3 60.bxa3  1-0

[Event "ch-ROM"]
[Site "Baile Tusnad ROM"]
[Date "2005.12.02"]
[Round "7"]
[White "Berescu,A"]
[Black "Nemeth,F"]
[Result "1-0"]
[WhiteElo "2420"]
[BlackElo "2426"]

1.e4 c5 2.Nf3 d6 3.d4 cxd4 4.Nxd4 Nf6 5.Nc3 a6 6.f3 e5 7.Nb3 Be6 8.Be3 Be7
9.Qd2 O-O 10.O-O-O Nbd7 11.g4 Nb6 12.Kb1 Rc8 13.h4 Qc7 14.h5 Nfd7 15.g5 f5
16.g6 h6 17.Bxh6 gxh6 18.Qxh6 Nf6 19.Bh3 Rfd8 20.g7 Qd7 21.Rhg1 Rxc3 22.bxc3 Na4
23.Qh8+ Kf7 24.g8=Q+ Rxg8 25.Rxg8 Nxc3+ 26.Ka1 Nxg8 27.Rg1 Qc8 28.exf5 Bxb3
29.axb3 Bf8 30.Qxg8+ Ke8 31.Rg7  1-0

[Event "ch-ROM"]
[Site "Baile Tusnad ROM"]
[Date "2005.12.05"]
[Round "10"]
[White "Parligras,M"]
[Black "Nemeth,F"]
[Result "1/2-1/2"]
[WhiteElo "2577"]
[BlackElo "2426"]

1.e4 c5 2.Nf3 d6 3.d4 cxd4 4.Nxd4 Nf6 5.Nc3 a6 6.f3 e5 7.Nb3 Be6 8.Be3 Be7
9.Qd2 O-O 10.O-O-O Nbd7 11.g4 Qc7 12.Kb1 b5 13.g5 Nh5 14.Nd5 Bxd5 15.exd5 Nb6
16.Rg1 g6 17.h4 Rab8 18.Rg4 f5 19.Rb4 Ng3 20.Bd3 Nc4 21.Bxc4 bxc4 22.Na5 f4
23.Bf2 Nf1 24.Qc3 Rxb4 25.Qxb4 Ne3 26.Rd2 e4 27.fxe4 Rb8 28.Qc3 Bf8 29.Nc6 Bg7
30.e5 Rb7 31.Bxe3 fxe3 32.Qxe3 c3 33.Qxc3 Bxe5 34.Rd4 Bxd4 35.Qxd4 Qg7 36.Qxg7+ Kxg7
37.c4 Kf8 38.b4 Ke8 39.a4 Kd7 40.Kc2 Kc8 41.b5 axb5 42.cxb5 Rf7 43.b6 Rf4
44.a5 Kb7 45.Kc3 Ka6 46.Nd8 Rf3+ 47.Kc4 Rf4+ 48.Kc3 Rf3+ 49.Kc4  1/2-1/2

[Event "5th Amplico AIG Life"]
[Site "Warsaw POL"]
[Date "2005.12.17"]
[Round "8"]
[White "Manik,M"]
[Black "Zhigalko,A"]
[Result "1-0"]
[WhiteElo "2474"]
[BlackElo "2537"]

1.e4 c5 2.Nf3 d6 3.Nc3 Nf6 4.d4 cxd4 5.Nxd4 a6 6.f3 e5 7.Nb3 Be6 8.Be3 Be7
9.Qd2 Nbd7 10.g4 b5 11.O-O-O b4 12.Ne2 a5 13.Kb1 O-O 14.Ng3 a4 15.Nc1 Ra5
16.g5 Ne8 17.Nd3 b3 18.Nb4 bxa2+ 19.Ka1 Qa8 20.Nf5 Bd8 21.Nxd6 Bb6 22.Nc4 Bxe3
23.Qxe3 Rb5 24.Nxa2 Nc7 25.Rxd7 Bxd7 26.Nb6 Qa7 27.Bxb5 Nxb5 28.c3 a3 29.b3 Be6
30.Qc5 Qa5 31.Rb1 Rb8 32.Nc4 Qa6 33.Nb4 Qb7 34.Nd6 Nxd6 35.Qxd6 a2 36.Nxa2 Ra8
37.c4 Qa7 38.Qd2 g6 39.h4 Kg7 40.Rc1 Qc5 41.Qc3 Rd8 42.Nb4 Rd4 43.Nc2 Rd7
44.f4 Kg8 45.Qxe5 Qa7+ 46.Kb2 Bxc4 47.bxc4 Rb7+ 48.Kc3 Qb6 49.Qe8+ Kg7 50.Qb5 Qa7
51.Qe5+ Kg8 52.Ra1  1-0

[Event "1st ch-BIH"]
[Site "Brcko BIH"]
[Date "2005.12.18"]
[Round "4"]
[White "Runic,Z"]
[Black "Muratovic,Ef"]
[Result "1-0"]
[WhiteElo "2434"]
[BlackElo "2361"]

1.e4 c5 2.Nf3 d6 3.d4 cxd4 4.Nxd4 Nf6 5.Nc3 a6 6.f3 e5 7.Nb3 Be6 8.Be3 Be7
9.Qd2 Qc7 10.g4 b5 11.g5 b4 12.Nd1 Nfd7 13.Qxb4 d5 14.Qd2 d4 15.Bf2 a5 16.a3 O-O
17.Nc1 Nb6 18.Bg3 Nc6 19.Bb5 f5 20.gxf6 Rxf6 21.O-O Raf8 22.Nd3 Rg6 23.Bxc6 Nc4
24.Qe2 Qxc6 25.b3 Nxa3 26.Nxe5 Qb6 27.Nxg6 d3+ 28.Bf2 hxg6 29.Qxd3 Qc6 30.Rc1 Rd8
31.Qc3 Qb5 32.Ne3 Qg5+ 33.Kh1 Bh3 34.Rg1 Qh5 35.Nd5 Bg5 36.Rxg5 Qxg5 37.Rg1 Qh5
38.Rg3 Kh7 39.Nf4 Rd1+ 40.Bg1  1-0

[Event "Masters"]
[Site "Berkeley USA"]
[Date "2005.12.20"]
[Round "6"]
[White "Pearson,M"]
[Black "Perepelitsky,E"]
[Result "1-0"]
[WhiteElo "2173"]
[BlackElo "2123"]

1.e4 c5 2.Nf3 d6 3.d4 cxd4 4.Nxd4 Nf6 5.Nc3 a6 6.f3 e6 7.Be3 Be7 8.Qd2 O-O
9.O-O-O Nc6 10.Kb1 Nxd4 11.Bxd4 b5 12.Bd3 b4 13.Ne2 e5 14.Be3 Be6 15.g4 Qa5
16.b3 d5 17.g5 d4 18.Bxd4 exd4 19.gxf6 Bxf6 20.f4 Qb6 21.e5 Be7 22.f5 Bd5
23.Rhg1 Rfe8 24.f6 Bf8 25.Rxg7+  1-0

[Event "Master Open"]
[Site "Zurich SUI"]
[Date "2005.12.26"]
[Round "1"]
[White "Kurmann,O"]
[Black "Zberg,J"]
[Result "1-0"]
[WhiteElo "2287"]
[BlackElo "2091"]

1.e4 c5 2.Nf3 d6 3.d4 cxd4 4.Nxd4 Nf6 5.Nc3 a6 6.f3 b5 7.a4 b4 8.Nd5 e6 9.Nxb4 d5
10.Nbc6 Nxc6 11.Nxc6 Qb6 12.exd5 Nxd5 13.c4 Qxc6 14.cxd5 Qxd5 15.Qxd5 exd5
16.Be3 Bb4+ 17.Kf2 O-O 18.a5 Be6 19.Bb6 Rfc8 20.Bd3 Be7 21.Rhe1 Bf6 22.Re2 g6
23.f4 Rc6 24.Rd2 h5 25.h3 h4 26.Ke3 Rd6 27.Bd4 Kg7 28.Rc1 Rb8 29.Rc7 Bxd4+
30.Kxd4 Kf6 31.Kc5 Rbd8 32.Rc6 Rxc6+ 33.Kxc6 d4 34.Bxa6 Kf5 35.Bb7 Kxf4 36.a6 Ke3
37.Rd1 d3 38.a7 Ke2 39.Ra1 Bd5+ 40.Kc7 Bxb7 41.Kxd8 d2 42.Kc7 Bxg2 43.b4 g5
44.b5 g4 45.b6  1-0

[Event "14th Donau Open"]
[Site "Aschach AUT"]
[Date "2005.12.27"]
[Round "2"]
[White "Sandhoefner,F"]
[Black "Balinov,I"]
[Result "1-0"]
[WhiteElo "2285"]
[BlackElo "2431"]

1.e4 c5 2.Nf3 d6 3.d4 Nf6 4.Nc3 cxd4 5.Nxd4 a6 6.f3 e6 7.Be3 Nc6 8.Qd2 Be7
9.O-O-O O-O 10.g4 Nd7 11.Be2 Nxd4 12.Bxd4 b5 13.a3 Ne5 14.Kb1 Nc6 15.Be3 Rb8
16.g5 Qa5 17.Na2 b4 18.axb4 Nxb4 19.Nxb4 Rxb4 20.Bc4 Bd7 21.h4 Ba4 22.Ba2 Rfb8
23.Bd4 Qb5 24.b3 Qb7 25.Bc3 d5 26.exd5 exd5 27.Bxb4 Bxb4 28.Qd4 Qc7 29.h5 Bc6
30.h6 Bf8 31.f4 a5 32.c3 Bd7 33.Qe5 Qc8 34.Kb2 Bf5 35.Rxd5 Be6 36.Rb5 Rxb5
37.Qxb5 Qa8 38.Rh2 Qe4 39.Qe5 Qf3 40.hxg7 Bxg7 41.Qb8+ Bf8 42.Bb1 Bh3 43.Bxh7+ Kg7
44.Qe5+ Kxh7 45.Qf5+ Kg7 46.Qxh3  1-0

[Event "Czech Chess Christmas"]
[Site "Litomysl CZE"]
[Date "2005.12.27"]
[Round "2"]
[White "Manik,M"]
[Black "Novotny,M1"]
[Result "1/2-1/2"]
[WhiteElo "2474"]
[BlackElo "2233"]

1.e4 c5 2.Nf3 d6 3.d4 cxd4 4.Nxd4 Nf6 5.Nc3 a6 6.f3 e5 7.Nb3 Be6 8.Be3 h5
9.Qd2 Nbd7 10.g3 Rc8 11.h3 Qc7 12.Rg1 b5 13.g4  1/2-1/2

[Event "Open A"]
[Site "Bethune FRA"]
[Date "2005.12.29"]
[Round "6"]
[White "Moussard,J"]
[Black "Draoui,N"]
[Result "0-1"]
[WhiteElo "2099"]
[BlackElo "2368"]

1.e4 c5 2.Nf3 d6 3.d4 cxd4 4.Nxd4 Nf6 5.Nc3 a6 6.f3 e5 7.Nb3 Be6 8.Be3 Nbd7
9.Qd2 Rc8 10.O-O-O Be7 11.g4 O-O 12.Kb1 b5 13.g5 Nh5 14.Nd5 Bxd5 15.exd5 Qc7
16.Bd3 g6 17.Qf2 Rb8 18.f4 exf4 19.Bxf4 Ne5 20.Be2 Nxf4 21.Qxf4 Rbc8 22.Nd4 Rfe8
23.Bg4 Rb8 24.h4 Bf8 25.h5 Bg7 26.hxg6 hxg6 27.Qh2 Nxg4 28.Qh7+ Kf8 29.Ne6+ Rxe6
30.dxe6 Ne3 31.Rd2 Nf5 32.exf7 Qxf7 33.Rf1 Be5 34.Qh3 Kg8 35.Rh1 b4 36.Qd3 a5
37.Qh3 Qc7 38.Rd5 Rc8 39.Qd3 a4 40.Rb5 Qc6 41.Re1 a3 42.Rxb4 axb2 43.Qb3+ Kg7
44.Rb7+ Rc7 45.Rb8 Ne7 46.Rf1 Nd5 47.a4 Nc3+ 48.Kxb2 d5 49.Rff8 Qc5 50.Rf1 Nxa4+
51.Kc1 Nc3 52.Re1 Qd4 53.Re8 Na2+ 54.Qxa2 Bf4+ 55.Kb1 Rb7+ 56.Qb3 Rxb3+ 57.cxb3 Bxg5  0-1

[Event "Open"]
[Site "Verona ITA"]
[Date "2006.01.06"]
[Round "6"]
[White "Mrdja,M"]
[Black "Rowson,J"]
[Result "1/2-1/2"]
[WhiteElo "2313"]
[BlackElo "2599"]

1.e4 c5 2.Nf3 d6 3.d4 Nf6 4.Nc3 cxd4 5.Nxd4 a6 6.f3 e6 7.Be3 h5 8.Qd2 Nbd7
9.O-O-O b5 10.Kb1 Bb7 11.Bd3 Be7 12.a3 Rc8 13.Rhe1 Ne5 14.Bf1 Nfd7 15.Nb3 Ba8
16.Bd4 O-O 17.f4 Nc4 18.Bxc4 bxc4 19.Nc1 e5 20.Bf2 Nf6 21.N1a2 a5 22.Nd5 Bxd5
23.exd5 Ng4  1/2-1/2

[Event "Xstrata ch-AUS 2006"]
[Site "Brisbane AUS"]
[Date "2006.01.07"]
[Round "9"]
[White "Humphrey,J"]
[Black "Booth,Stew"]
[Result "1-0"]
[WhiteElo "2254"]
[BlackElo "2179"]

1.e4 c5 2.Nf3 d6 3.d4 cxd4 4.Nxd4 Nf6 5.Nc3 a6 6.f3 e6 7.Be3 Be7 8.g4 h6
9.Qd2 Qc7 10.O-O-O b5 11.Bd3 Nc6 12.h4 Nxd4 13.Bxd4 e5 14.Be3 Be6 15.a3 Nd7
16.f4 exf4 17.Bxf4 Ne5 18.Kb1 Bxg4 19.Nd5 Qc6 20.Bxe5 dxe5 21.Rdg1 h5 22.Be2 Bxe2
23.Qxe2 g6 24.Rg3 Bd8 25.Rc3 Qe6 26.a4 bxa4 27.Qc4 O-O 28.Qxa4 Qg4 29.Rch3 Kg7
30.Ne3 Qe6 31.Rg3 Kh7 32.c4 Bb6 33.Nd5 Rfc8 34.Qc2 a5 35.Rf3 Bd8 36.Qf2 f6
37.Rg1 Ra6 38.Rfg3 g5 39.hxg5 fxg5 40.Rxg5 Bxg5 41.Rxg5 Kh6 42.Qe3 Kh7 43.Rxh5+ Kg7
44.Qg3+ Kf8 45.Rf5+ Ke8 46.Rxe5  1-0

[Event "TCh-FIN 2005-6"]
[Site "Tampere FIN"]
[Date "2006.01.14"]
[Round "6"]
[White "Kokkila,T"]
[Black "Mertanen,J"]
[Result "0-1"]
[WhiteElo "2294"]
[BlackElo "2290"]

1.e4 c5 2.Nf3 d6 3.d4 cxd4 4.Nxd4 Nf6 5.Nc3 a6 6.f3 e5 7.Nb3 Be6 8.Be3 Be7
9.Qd2 O-O 10.O-O-O Nbd7 11.g4 Qc7 12.Nd5 Bxd5 13.exd5 Nb6 14.Bxb6 Qxb6 15.Kb1 Rfc8
16.h4 Qd8 17.Rg1 g6 18.h5 Nd7 19.hxg6 hxg6 20.g5 Nf8 21.Bd3 Nh7 22.Rg3 Nxg5
23.Rdg1 Kg7 24.Rxg5 Bxg5 25.Rxg5 Qf6 26.Be4 a5 27.Rg1 a4 28.Nc1 a3 29.b3 Rh8
30.Nd3 Rh6 31.c4 Rah8 32.Kc2 Rh2 33.Rg2 Rh1 34.Qb4 R8h2 35.Rxh2 Rxh2+ 36.Kc3 Qg5
37.f4 exf4 38.Qxa3 f3 39.Qa7 Qd2+ 40.Kd4 f2  0-1

[Event "Open A"]
[Site "Prague CZE"]
[Date "2006.01.16"]
[Round "4"]
[White "Stubberud,O"]
[Black "Trichkov,V"]
[Result "1/2-1/2"]
[WhiteElo "2095"]
[BlackElo "2333"]

1.e4 c5 2.Nf3 d6 3.d4 Nf6 4.Nc3 cxd4 5.Nxd4 a6 6.f3 e5 7.Nb3 Be6 8.Be3 Nbd7
9.g4 Nb6 10.g5 Nfd7 11.Qd2 Be7 12.O-O-O Qc7 13.h4 g6 14.h5 O-O-O 15.Kb1 Kb8
16.Qf2 Rc8 17.Rh2 Rhe8 18.Qg1 Ka8 19.Rhd2  1/2-1/2

[Event "Corus B"]
[Site "Wijk aan Zee NED"]
[Date "2006.01.16"]
[Round "3"]
[White "Almasi,Z"]
[Black "Smeets,J"]
[Result "1-0"]
[WhiteElo "2646"]
[BlackElo "2550"]

1.e4 c5 2.Nf3 d6 3.d4 cxd4 4.Nxd4 Nf6 5.Nc3 a6 6.f3 e5 7.Nb3 Be6 8.Be3 Be7
9.Qd2 O-O 10.O-O-O Nbd7 11.g4 Qc7 12.Kb1 b5 13.g5 Nh5 14.f4 exf4 15.Bxf4 Ne5
16.Nd4 Rfe8 17.Be3 g6 18.Nd5 Bxd5 19.exd5 Bf8 20.Nc6 Ng7 21.Bf4 Nf5 22.Bh3 Nc4
23.Qd3 Ne7 24.Bg2 Nb6 25.h4 Rac8 26.Nxe7+ Rxe7 27.h5 Bg7 28.hxg6 hxg6 29.Rde1 Na4
30.Bc1 Rxe1 31.Rxe1 b4 32.Bh3 Rb8 33.Ka1 a5 34.Re2 Qb6 35.Re1 Qc5 36.Rd1 Re8
37.Bd7 Re3 38.Qxe3 Bxb2+ 39.Bxb2 Qxe3 40.Bf6 Qf3 41.Re1  1-0

[Event "Open"]
[Site "Zagreb CRO"]
[Date "2006.01.16"]
[Round "3"]
[White "Urukalovic,R"]
[Black "Jakovljevic,Vlado"]
[Result "1/2-1/2"]
[WhiteElo "2231"]
[BlackElo "2385"]

1.e4 c5 2.Nf3 d6 3.d4 cxd4 4.Nxd4 Nf6 5.Nc3 a6 6.f3 e6 7.Be3 b5 8.g4 Bb7
9.g5 Nfd7 10.Qd2 Nb6 11.O-O-O N8d7 12.Bd3 Rc8 13.Kb1 b4 14.Nce2 d5 15.exd5 Nxd5
16.Bf2 Bc5 17.Bg3 Qb6 18.Be4 Be7 19.Bxd5 Bxd5 20.Nf4 Bc6 21.Nxc6 Qxc6 22.Nd3 a5
23.f4 O-O 24.Rhe1 Nc5 25.Ne5 Qb7 26.Qe2 a4 27.b3 Ra8 28.Rd4 Rfd8 29.Red1 Rxd4
30.Rxd4 axb3 31.cxb3 Qh1+ 32.Rd1 Qb7 33.Rd4 Qh1+ 34.Rd1 Qb7 35.Rd4 Qh1+  1/2-1/2

[Event "Open"]
[Site "Zagreb CRO"]
[Date "2006.01.17"]
[Round "4"]
[White "Fercec,N"]
[Black "Bender,I"]
[Result "1-0"]
[WhiteElo "2512"]
[BlackElo "2296"]

1.e4 c5 2.Nf3 d6 3.d4 cxd4 4.Nxd4 Nf6 5.Nc3 a6 6.f3 e5 7.Nb3 Be6 8.Be3 Nbd7
9.Qd2 b5 10.O-O-O Rc8 11.Nd5 Bxd5 12.exd5 Nb6 13.Bxb6 Qxb6 14.g4 Be7 15.h4 Bd8
16.Kb1 a5 17.Qe2 Rb8 18.f4 O-O 19.g5 Nd7 20.Bh3 a4 21.Bxd7 axb3 22.cxb3 exf4
23.Rhf1 Rb7 24.Bc6 Re7 25.Qxb5 Qe3 26.a4 Bb6 27.a5 Ba7 28.a6 Rb8 29.Bb7 f3
30.Qb4 Bc5 31.Qc3 Qe4+ 32.Qd3 f2 33.Qxe4 Rxe4 34.Rc1 Bd4 35.Ka2 Re2 36.Rc4 Ba7
37.Rf4 g6 38.b4 Kg7 39.Bc6 Rh8 40.Bb5 Rd2 41.Rc1 Rb8 42.Rc7 Bd4 43.Rcxf7+ Kg8
44.Bd7 Bxb2 45.Rxf2 Rxf2 46.Rxf2 Bd4 47.Rf4 Be3 48.Re4 Bg1 49.Bc6 Kf7 50.Ka3 Ba7
51.Re6 Rb6 52.b5 Rb8 53.Ka4 Bc5 54.Bb7 Kg8 55.Re7 Rf8 56.Kb3 Rf3+ 57.Kc2 Rf2+
58.Kd3 Kf8 59.Rc7 Rf3+ 60.Ke4  1-0

[Event "FINEC IM"]
[Site "St Petersburg RUS"]
[Date "2006.01.21"]
[Round "5"]
[White "Melnikov,D"]
[Black "Lanin,A"]
[Result "1/2-1/2"]
[WhiteElo "2348"]
[BlackElo "2449"]

1.e4 c5 2.Nf3 d6 3.d4 cxd4 4.Nxd4 Nf6 5.Nc3 a6 6.f3 e5 7.Nb3 Be6 8.Be3 Be7
9.Qd2 O-O 10.O-O-O Qc7 11.g4 Rc8 12.g5 Nh5 13.Kb1 Nd7 14.Rg1 g6 15.Qf2 b5
16.Nd5 Bxd5 17.Rxd5 Rcb8 18.f4 Nxf4 19.Bxf4 exf4 20.Qxf4 Bf8 21.h4 Re8 22.h5 Nb6
23.Rd3 Re5 24.hxg6 fxg6 25.Rh3 Rae8 26.Bd3 d5 27.Rgh1 R8e7 28.Rf3 Re8 29.Rfh3 R5e7
30.Qxc7 Rxc7 31.exd5 Nxd5 32.Rh4 Rce7 33.a3 Re1+ 34.Rxe1 Rxe1+ 35.Ka2 Re5
36.c4 Nc7 37.cxb5 axb5 38.Rd4 Rxg5 39.Rd7 Ne8 40.Nd4 h5 41.Ne6 Re5 42.Nxf8 Kxf8
43.Bxg6 Rg5 44.Bd3 Re5 45.Kb3 Re3 46.Kc2 Nf6 47.Rb7 h4 48.Rxb5 h3 49.Rf5 Ke7
50.Kd2 h2 51.Rf1 Rg3 52.Rh1 Ng4 53.Ba6 Rg2+ 54.Kc3 Nf2 55.Re1+ Kd6 56.Bb7 Rg1
57.Re2  1/2-1/2

[Event "Corus B"]
[Site "Wijk aan Zee NED"]
[Date "2006.01.21"]
[Round "7"]
[White "Almasi,Z"]
[Black "Naiditsch,A"]
[Result "1-0"]
[WhiteElo "2646"]
[BlackElo "2657"]

1.e4 c5 2.Nf3 d6 3.d4 cxd4 4.Nxd4 Nf6 5.Nc3 a6 6.f3 e5 7.Nb3 Be6 8.Be3 Nbd7
9.Qd2 b5 10.O-O-O Be7 11.g4 Nb6 12.Qf2 Nfd7 13.Nd5 Bxd5 14.exd5 O-O 15.h4 Nc4
16.Bd3 Ndb6 17.Kb1 Na4 18.Bc1 e4 19.Bxe4 Bf6 20.c3 b4 21.Rd4 Qb6 22.cxb4 Bxd4
23.Qxd4 Qxb4 24.h5 f6 25.Bd3 Rfc8 26.h6 Rab8 27.Qe4 Na3+ 28.bxa3 Qxe4 29.fxe4 Nc5
30.Bc2 a5 31.Bb2 Na4 32.Bd4 Nc3+ 33.Bxc3 Rxc3 34.a4 Rc4 35.hxg7 Rxa4 36.Ka1 Rc8
37.Kb2 Rb4 38.Bd1 a4 39.Ka3 Rxe4 40.Na5 Rc1 41.Kb2 Rc5 42.Nc6 Kxg7 43.Rh5 Rcc4
44.Rh3 Rf4 45.Ka3 f5 46.gxf5 Rh4 47.Rg3+ Kf6 48.Be2 Rc2 49.Re3 Rd2 50.Bd3 h5
51.Re6+ Kf7 52.Be4 Rg4 53.f6 Kf8 54.Bf5 Rg3+ 55.Kxa4 Rxd5 56.Be4 Rd2 57.a3 h4
58.Nd8 Rg4 59.Kb5 Rb2+ 60.Kc6 Rb8 61.Kc7 Rb5 62.Kxd6 h3 63.Bc6  1-0

[Event "Bundesliga 2005-6"]
[Site "Muelheim Nord GER"]
[Date "2006.01.28"]
[Round "8"]
[White "Erenburg,S"]
[Black "Hracek,Z"]
[Result "0-1"]
[WhiteElo "2573"]
[BlackElo "2595"]

1.e4 c5 2.Nf3 d6 3.d4 cxd4 4.Nxd4 Nf6 5.Nc3 a6 6.f3 e5 7.Nb3 Be6 8.Be3 Be7
9.Qd2 O-O 10.O-O-O Nbd7 11.g4 b5 12.g5 b4 13.Ne2 Ne8 14.Ng3 a5 15.Kb1 a4
16.Nc1 b3 17.cxb3 axb3 18.a3 Qc8 19.Nf5 Bd8 20.Bh3 Kh8 21.Bg4 Nb6 22.Bxb6 Bxb6
23.Ne7 Qc7 24.Nd5 Bxd5 25.exd5 Be3 26.Qd3 Bxg5 27.Nxb3 Nf6 28.Ka2 Rfb8 29.Bf5 Qb6
30.Qc4 Ra5 31.Rd3 Rc5 32.Qa4 Rxd5 33.Rxd5 Nxd5 34.Rb1 Nf4 35.Rc1 g6 36.Rc8+ Rxc8
37.Bxc8 Kg7 38.Bd7 Qf2 39.Qc6 Bf6 40.Qb7 e4 41.Nc1 Qc2 42.Be8 Kh6 43.fxe4 Qxc1
44.Bxf7 Nd3 45.Bg8 Qxb2+ 46.Qxb2 Nxb2 47.Kb3 Nd3 48.Bd5 Nc5+ 49.Kb4 Kg5 50.a4 Kf4
51.a5 Nxe4 52.Kc4 Bd8 53.a6 Bb6 54.Kb5 Bc5 55.Kc6 g5 56.Kb7 h5 57.a7 Bxa7
58.Kxa7 g4 59.Kb6 h4 60.Be6 Ng5 61.Bd5 Nf3 62.Kc6 g3  0-1

[Event "Open"]
[Site "Moscow RUS"]
[Date "2006.02.02"]
[Round "5"]
[White "Zontakh,A"]
[Black "Nechepurenko,R"]
[Result "1/2-1/2"]
[WhiteElo "2545"]
[BlackElo "2430"]

1.e4 c5 2.Nf3 d6 3.d4 cxd4 4.Nxd4 Nf6 5.Nc3 a6 6.f3 b5 7.a4 b4 8.Nd5 Nxd5
9.exd5 Bb7 10.Bc4 Nd7 11.Bb3 Nf6 12.a5 Bxd5 13.Ba4+ Nd7 14.Bd2 e6 15.Bxb4 Be7
16.O-O Rb8 17.c3 O-O 18.Bc6 Bc4 19.Re1 Qc7 20.b3 Ne5 21.Be4 Bb5 22.Qd2 Nc6
23.Bxc6 Bxc6 24.Rad1 Bb7 25.Nc2 Rfd8 26.Ne3 Bc6 27.Qf2 d5 28.Bxe7 Qxe7 29.b4 Qc7
30.Ng4 Ba4 31.Rc1 Bb5  1/2-1/2

[Event "Open"]
[Site "Moscow RUS"]
[Date "2006.02.03"]
[Round "6"]
[White "Chadaev,N"]
[Black "Khismatullin,D"]
[Result "1/2-1/2"]
[WhiteElo "2461"]
[BlackElo "2576"]

1.e4 c5 2.Nf3 d6 3.d4 cxd4 4.Nxd4 Nf6 5.Nc3 a6 6.f3 e5 7.Nb3 Be6 8.Be3 Nbd7
9.Qd2 Be7 10.O-O-O b5 11.Qf2 Rc8 12.Kb1 Rxc3 13.bxc3 Qc7 14.g4 h6 15.h4 d5
16.Bh3 dxe4 17.g5 Nd5 18.Rxd5 Bxd5 19.fxe4 Bc6 20.Rf1 O-O 21.gxh6 g6 22.h5 Nf6
23.hxg6 fxg6 24.Nc5 Nh7 25.Qg1 Rxf1+ 26.Qxf1 Bd6 27.Be6+ Kh8 28.Nd7 Bxd7
29.Bb6 Qxb6 30.Qf7 Qg1+ 31.Kb2 Ba3+ 32.Kxa3 b4+ 33.Kxb4 a5+ 34.Kc4 Bxe6+
35.Qxe6 Qf1+ 36.Kd5 Qb5+ 37.Kd6 Qb8+ 38.Kd5 Qb5+  1/2-1/2